000 01271pam a2200289 a 4500
005 20131016073407.0
008 960305s1997 enkab b 001 0 eng
020 _a0521571014
020 _a0521577993
041 0 _aeng
080 _a32
_x(47)
245 0 0 _aNew states, new politics :
_cedited by Ian Bremmer and Ray Taras.
260 _aCambridge [England] ;
_aNew York :
_bCambridge University Press,
_c1997.
300 _axxi, 743 p. :
_bill., maps ;
_c24 cm.
500 _aPreface : f. XVII -XXI
500 _a"Succeeds and replaces Nations [i.e. Nation] and politics in the Soviet successor states, published ... in 1993"--T.p. verso.
504 _aIncludes bibliographical references (p. 718-726) and index.
650 0 _aNacionalizmi
_zFormer Soviet republics.
650 0 _aPolitika botërore
_zBashkimi Sovietik
651 0 _aFormer Soviet republics
_xPolitics and government.
700 1 _aBremmer, Ian,
_d1969-
700 1 _aTaras, Ray,
_d1946-
730 0 _aNation and politics in the Soviet successor states.
856 4 2 _3Publisher description
_uhttp://www.loc.gov/catdir/description/cam027/96012565.html
856 4 1 _3Table of contents
_uhttp://www.loc.gov/catdir/toc/cam021/96012565.html
942 _2udc
_cBK
999 _c128
_d128